| 000 | 00730nam a2200229 a 4500 | ||
|---|---|---|---|
| 999 |
_c2083 _d2083 |
||
| 001 | 2083 | ||
| 003 | BD-JhCC | ||
| 005 | 20171119190635.0 | ||
| 008 | 171029s1999 bg |||| ||a| 001 0 ben d | ||
| 020 | _a9844101115 | ||
| 035 | _a(BD-JhCC)2083 | ||
| 040 |
_aBD-JhCC _dBD-JhCC |
||
| 041 | _aben | ||
| 082 |
_a891.4409 _bRAH 1999 |
||
| 100 | _aরহমান, মুহাম্মদ হাবিবুর | ||
| 245 |
_aকবি, তুমি নহ গুরুদেব / _cমুহাম্মদ হাবিবুর রহমান |
||
| 260 |
_aঢাকা : _bমাওলা ব্রাদার্স, _c1999. |
||
| 300 |
_a91 p. : _c22 cm. |
||
| 650 | _aBengali Literature | ||
| 942 |
_2ddc _cBK |
||